[Event "XLI MIEDZYNARODOWY MEMORIAL LUDWIKA ZAMENHOFA 2022 - open A"]
[Site "Bialystok"]
[Date "1899-12-30"]
[Round "5.33"]
[White "Greicius, Pijus"]
[Black "Dwilewicz, Katarzyna"]
[Result "0-1"]
[WhiteTitle "k"]
[BlackTitle "WFM"]
[WhiteElo "2076"]
[BlackElo "2123"]

1. d4 Nf6 2. c4 e6 3. Nc3 Bb4 4. e3 O-O 5. Bd3 c5 6. a3 Bxc3+ 7. bxc3 Nc6 8. Ne2
d6 9. O-O e5 10. Ng3 Re8 11. d5 Ne7 12. e4 Ng6 13. Nf5 Bxf5 14. exf5 Nf8 15. Bg5
h6 16. Bh4 N8d7 17. f3 Qa5 18. Qc2 b5 19. cxb5 c4 20. Be4 Qxb5 21. Rfb1 Qa5 22.
Qd2 Rab8 23. Rb4 Rec8 24. h3 Qc7 25. Rab1 a5 26. Rb5 Rxb5 27. Rxb5 Rb8 28. Rb2
Qc5+ 29. Bf2 Qxa3 30. Ra2 Qb3 31. Rxa5 Nxe4 32. fxe4 Qb1+ 33. Kh2 Qxe4 34. Ra6
Qd3 35. Qe3 Qxd5 36. Qa7 Rb2 37. Qa8+ Qxa8 38. Rxa8+ Kh7 39. Rd8 Nf6 40. Bh4 Rd2
41. Rf8 d5 42. Bxf6 gxf6 43. Rxf7+ Kg8 44. Rxf6 d4 45. cxd4 exd4 46. Rc6 c3 47.
Kg3 c2 48. Kf4 d3 49. Ke5 Rd1 50. Kd4 0-1

[Event "XLI MIEDZYNARODOWY MEMORIAL LUDWIKA ZAMENHOFA 2022 - open A"]
[Site "Bialystok"]
[Date "1899-12-30"]
[Round "5.34"]
[White "Rozycki, Bartlomiej"]
[Black "Krzywda, Andrzej"]
[Result "0-1"]
[WhiteTitle "k++"]
[BlackTitle "CM"]
[WhiteElo "2196"]
[BlackElo "2262"]

1. e4 c5 2. Nf3 Nc6 3. Bb5 a6 4. Bxc6 dxc6 5. h3 Qc7 6. d3 e5 7. Be3 Bd6 8. a4
a5 9. Nbd2 Ne7 10. Nc4 b6 11. Qd2 f6 12. O-O Be6 13. Nh2 g5 14. h4 gxh4 15. f4
Bxc4 16. dxc4 exf4 17. Bxf4 O-O-O 18. Qe3 Ng6 19. Bxd6 Qxd6 20. Ng4 Rhf8 21. Rad1
Qe6 22. Qf3 Rxd1 23. Rxd1 f5 24. exf5 Rxf5 25. Qd3 Rf8 26. Nf2 Nf4 27. Qxh7 Ne2+
28. Kf1 Ng3+ 29. Kg1 Rxf2 30. Qxh4 Rd2 31. Qh8+ Kb7 32. Qg7+ Ka6 33. Rxd2 Qe1+
34. Kh2 Nf1+ 35. Kh3 Qxd2 36. Qf8 Qd7+ 37. g4 Qh7+ 38. Kg2 Ne3+ 39. Kf3 Nxc4 40.
Qa8+ Qa7 41. Qg8 Nd6 42. Kg2 b5 43. g5 Qd7 44. g6 Qg4+ 45. Kf2 Qf4+ 46. Ke2 Qe4+
47. Kd1 Qf3+ 48. Ke1 Qe3+ 49. Kd1 Qg1+ 50. Ke2 Qg2+ 51. Ke1 Qe4+ 52. Kd1 Qe8 53.
Qh7 Nf5 54. Qf7 Qe5 55. b3 Qd5+ 56. Kc1 Qe5 57. Kb1 Kb6 58. Qd7 Ng7 59. Qd8+ Qc7
60. Qf6 bxa4 61. bxa4 Qd7 62. Qf8 Qd1+ 63. Kb2 Qd4+ 64. Kb1 Qd1+ 65. Kb2 Qd7 66.
Kc1 c4 67. Qf2+ Kb7 68. Qf6 Ne6 69. Qe5 Kb6 70. Qe3+ Kb7 71. Qe5 Qd5 72. Qf6 c3
73. Qxc3 Qg5+ 74. Kb2 Qxg6 75. Qxa5 Qf6+ 76. c3 Qf2+ 77. Kc1 Qg1+ 78. Kc2 Qf2+
79. Kd3 Qb6 80. Qf5 Qb1+ 81. Kd4 0-1

[Event "XLI MIEDZYNARODOWY MEMORIAL LUDWIKA ZAMENHOFA 2022 - open A"]
[Site "Bialystok"]
[Date "1899-12-30"]
[Round "6.1"]
[White "Bernadskiy, Vitaliy"]
[Black "Teclaf, Pawel"]
[Result "1/2-1/2"]
[WhiteTitle "GM"]
[BlackTitle "IM"]
[WhiteElo "2617"]
[BlackElo "2555"]

1. d4 Nf6 2. Nf3 b6 3. c4 e6 4. a3 Bb7 5. Nc3 d5 6. cxd5 Nxd5 7. Qc2 Nxc3 8. Qxc3
Bd6 9. Bg5 f6 10. Bh4 Nd7 11. e3 O-O 12. Bg3 Qe7 13. Bb5 c6 14. Bxd6 Qxd6 15.
Be2 c5 16. Rd1 Rac8 17. dxc5 Qe7 18. b4 bxc5 19. b5 c4 20. O-O Bd5 21. Nd2 Nb6
22. e4 Ba8 23. Nxc4 Bxe4 24. Qd4 Bd5 25. Nxb6 axb6 26. Qxb6 Qxa3 27. Rfe1 Qc3
28. Bf1 Rb8 29. Qd4 Qxd4 30. Rxd4 Kf7 31. f4 g6 32. Ra4 Rb7 33. Rc1 Ke7 34. Kf2
Kd7 35. Ke3 Rc8 36. Rxc8 Kxc8 37. g4 Rc7 38. Bd3 Kb7 39. Ra6 Rc1 40. f5 gxf5 41.
gxf5 exf5 42. Bxf5 Rc5 43. Rxf6 Rxb5 44. Kd4 Bc6 45. Bxh7 Rh5 46. Bf5 Rxh2 47.
Kc5 Bh1 48. Rf7+ Kb8 49. Be6 Rc2+ 50. Bc4 Bb7 1/2-1/2

[Event "XLI MIEDZYNARODOWY MEMORIAL LUDWIKA ZAMENHOFA 2022 - open A"]
[Site "Bialystok"]
[Date "1899-12-30"]
[Round "6.2"]
[White "Markowski, Tomasz"]
[Black "Gumularz, Szymon"]
[Result "1/2-1/2"]
[WhiteTitle "GM"]
[BlackTitle "GM"]
[WhiteElo "2519"]
[BlackElo "2561"]

1. d4 e6 2. Nf3 Nf6 3. e3 g6 4. Be2 Bg7 5. O-O O-O 6. b4 b6 7. c4 c5 8. Qb3 Nc6
9. dxc5 bxc5 10. b5 Na5 11. Qc2 d5 12. Bb2 Nxc4 13. Bxc4 dxc4 14. Nbd2 a6 15.
bxa6 Qd3 16. Qxc4 1/2-1/2

[Event "XLI MIEDZYNARODOWY MEMORIAL LUDWIKA ZAMENHOFA 2022 - open A"]
[Site "Bialystok"]
[Date "1899-12-30"]
[Round "6.3"]
[White "Krzyzanowski, Marcin"]
[Black "Kosakowski, Jakub"]
[Result "1/2-1/2"]
[WhiteTitle "GM"]
[BlackTitle "IM"]
[WhiteElo "2538"]
[BlackElo "2475"]

1. e4 c6 2. Nf3 d5 3. d3 e6 4. Nbd2 c5 5. g3 Nc6 6. Bg2 Bd6 7. O-O Nge7 8. Re1
O-O 9. h4 Bc7 10. h5 h6 11. a3 b6 12. e5 Nf5 13. c3 a5 14. Nf1 Bd7 15. N1h2 b5
16. Bf4 f6 17. Qe2 Rc8 18. Bh3 fxe5 19. Nxe5 Nxe5 20. Bxe5 Bxe5 21. Qxe5 Qg5 22.
Bg2 Kh8 23. g4 Nh4 24. Qxg5 hxg5 25. Re5 Nxg2 26. Kxg2 d4 27. Kg3 c4 28. Rd1 dxc3
29. bxc3 b4 30. dxc4 Ba4 31. Rc1 Rxc4 32. axb4 axb4 33. Nf3 Rfc8 34. Ra5 Rxc3
35. Rxa4 Rxc1 36. Rxb4 R1c3 37. Re4 Rf8 38. Re3 Rxe3 39. fxe3 g6 40. Nxg5 gxh5
41. Nxe6 Rg8 42. g5 Kh7 43. Kh4 Kg6 44. e4 1/2-1/2

[Event "XLI MIEDZYNARODOWY MEMORIAL LUDWIKA ZAMENHOFA 2022 - open A"]
[Site "Bialystok"]
[Date "1899-12-30"]
[Round "6.4"]
[White "Azarov, Sergei"]
[Black "Vardanyan, Aras"]
[Result "1-0"]
[WhiteTitle "GM"]
[BlackTitle "CM"]
[WhiteElo "2562"]
[BlackElo "2271"]

1. e4 c6 2. d4 d5 3. e5 c5 4. dxc5 e6 5. Be3 Nd7 6. Bb5 Nh6 7. Bxh6 gxh6 8. Nf3
Bxc5 9. O-O Qb6 10. c4 a6 11. Ba4 dxc4 12. Nbd2 Qc7 13. Nxc4 b5 14. Nd6+ Ke7 15.
Rc1 bxa4 16. Qxa4 Nxe5 17. Nxe5 Qxd6 18. Nc6+ Kf8 19. Rfd1 1-0

[Event "XLI MIEDZYNARODOWY MEMORIAL LUDWIKA ZAMENHOFA 2022 - open A"]
[Site "Bialystok"]
[Date "1899-12-30"]
[Round "6.5"]
[White "Bogdanov, Egor"]
[Black "Janik, Igor"]
[Result "1/2-1/2"]
[WhiteTitle "IM"]
[BlackTitle "GM"]
[WhiteElo "2381"]
[BlackElo "2536"]

1. e4 e5 2. Bc4 Nf6 3. d3 Nc6 4. Nc3 Na5 5. Qf3 Bc5 6. Bg5 c6 7. Nge2 h6 8. Bxf6
Qxf6 9. Qxf6 gxf6 10. Ng3 d6 11. Nd1 Nxc4 12. dxc4 Be6 13. Ne3 Bxe3 14. fxe3 Bxc4
15. Rd1 Rd8 16. Nf5 d5 17. b3 Ba6 18. c4 dxc4 1/2-1/2

[Event "XLI MIEDZYNARODOWY MEMORIAL LUDWIKA ZAMENHOFA 2022 - open A"]
[Site "Bialystok"]
[Date "1899-12-30"]
[Round "6.6"]
[White "Olszewski, Michal"]
[Black "Klimkowski, Jan"]
[Result "1/2-1/2"]
[WhiteTitle "GM"]
[BlackTitle "FM"]
[WhiteElo "2521"]
[BlackElo "2447"]

1. d4 Nf6 2. c4 g6 3. Nc3 d5 4. cxd5 Nxd5 5. e4 Nxc3 6. bxc3 Bg7 7. Nf3 c5 8. Be3
Qa5 9. Qd2 Nc6 10. Rc1 cxd4 11. cxd4 Qxd2+ 12. Kxd2 O-O 13. Bd3 Rd8 14. Rc4 Bg4
15. d5 Bxf3 16. dxc6 b5 17. Rb4 Bxg2 18. Rc1 a6 19. a4 Be5 20. Ke2 bxa4 21. Bb6
Rf8 22. Rxa4 Bxh2 23. c7 Bf4 24. Rc5 Bd6 25. Rg5 Bh3 26. e5 f6 27. exf6 Rxf6 28.
Bxa6 Bxc7 29. Bc4+ Kg7 30. Rxa8 Bxb6 31. f3 Rc6 32. Bd5 Rc2+ 33. Kd3 Rc5 34. Rb8
Bf5+ 35. Rxf5 gxf5 36. Bc4 Rc6 37. Rg8+ Kh6 38. Rf8 Rd6+ 39. Ke2 Kg6 40. Rg8+
Kf6 41. Rf8+ Ke5 42. Rf7 Kd4 43. Bb3 Kc3 44. Ba4 e6 45. Rxh7 Rd2+ 46. Ke1 Rd3
47. Bd1 Rd6 48. Re7 Bd8 49. Rh7 Kd3 50. Kf2 Bb6+ 51. Kg2 Ke3 52. Rh1 Rd2+ 53.
Kh3 e5 54. Kh4 Kf4 55. Kh5 Bf2 56. Kg6 Rd6+ 57. Kf7 Bg3 58. Bc2 Rc6 59. Bb1 Rb6
60. Bc2 Rb2 61. Bb1 Rb6 62. Bc2 Rb2 63. Bb1 Bf2 64. Kg6 Rb6+ 65. Kf7 Rb7+ 66.
Kg6 Rb6+ 67. Kf7 Bd4 68. Bc2 Rb2 69. Bb1 Rxb1 70. Rxb1 Kxf3 71. Rf1+ Ke4 72. Kg6
f4 73. Kg5 Be3 74. Kg4 Kd3 75. Kf5 Ke2 76. Ra1 f3 77. Kxe5 f2 78. Ke4 Bc1 79.
Rxc1 f1=Q 1/2-1/2

[Event "XLI MIEDZYNARODOWY MEMORIAL LUDWIKA ZAMENHOFA 2022 - open A"]
[Site "Bialystok"]
[Date "1899-12-30"]
[Round "6.7"]
[White "Seemann, Jakub"]
[Black "Licznerski, Lukasz"]
[Result "0-1"]
[WhiteTitle "FM"]
[BlackTitle "IM"]
[WhiteElo "2365"]
[BlackElo "2441"]

1. d4 Nf6 2. c4 c6 3. Nf3 d5 4. Nc3 dxc4 5. e4 b5 6. Be2 b4 7. Na4 Nxe4 8. Bxc4
e6 9. Qc2 Nf6 10. Bg5 Be7 11. Bxf6 Bxf6 12. O-O Nd7 13. Rfd1 Qe7 14. d5 cxd5 15.
Bxd5 Rb8 16. Be4 Nb6 17. Nd4 Bd7 18. Nxb6 axb6 19. Nc6 Bxc6 20. Qxc6+ Kf8 21.
Rac1 Rd8 22. Qxb6 Rxd1+ 23. Rxd1 g6 24. Bc6 Bxb2 25. Rd7 Qf6 26. Qxb4+ Kg7 27.
g3 Be5 28. Qe4 Rc8 29. a4 Bc7 30. Qf3 Bb6 31. Qxf6+ Kxf6 32. Bb5 Rc2 33. Rb7 Bxf2+
34. Kh1 Rb2 35. Bc6 Rxb7 36. Bxb7 Bb6 37. Kg2 Ke7 38. Kf3 f5 39. Ke2 e5 40. Bg2
e4 41. Bh1 Kf6 42. Bg2 Kg5 43. Kf1 Kg4 44. Ke2 0-1

[Event "XLI MIEDZYNARODOWY MEMORIAL LUDWIKA ZAMENHOFA 2022 - open A"]
[Site "Bialystok"]
[Date "1899-12-30"]
[Round "6.8"]
[White "Baum, Jonasz"]
[Black "Malisauskas, Vidmantas"]
[Result "1-0"]
[WhiteTitle "IM"]
[BlackTitle "GM"]
[WhiteElo "2420"]
[BlackElo "2364"]

1. d4 Nf6 2. c4 g6 3. Nc3 Bg7 4. e4 O-O 5. f3 c5 6. d5 e6 7. Nge2 exd5 8. cxd5
d6 9. Ng3 Bd7 10. a4 Na6 11. Be2 h5 12. O-O h4 13. Nh1 Nh5 14. Be3 Qb6 15. Qd2
Bd4 16. Nf2 Nb4 17. Bxd4 cxd4 18. Nb5 Bxb5 19. axb5 a5 20. bxa6 bxa6 21. Bd3 Rfc8
22. f4 Nf6 23. f5 Kg7 24. fxg6 Re8 25. gxf7 Re5 26. Qf4 Rf8 27. Ng4 1-0

[Event "XLI MIEDZYNARODOWY MEMORIAL LUDWIKA ZAMENHOFA 2022 - open A"]
[Site "Bialystok"]
[Date "1899-12-30"]
[Round "6.9"]
[White "Karolczuk, Iwo"]
[Black "Cukrowski, Filip"]
[Result "1-0"]
[WhiteTitle "FM"]
[BlackTitle "FM"]
[WhiteElo "2327"]
[BlackElo "2402"]

1. e4 e6 2. d4 d5 3. Nd2 c5 4. exd5 Qxd5 5. Ngf3 cxd4 6. Bc4 Qd7 7. O-O Nc6 8.
Nb3 a6 9. Nfxd4 Nxd4 10. Nxd4 Nf6 11. Re1 Be7 12. Bf4 O-O 13. a4 Rd8 14. Be5 b6
15. Qf3 Bb7 16. Qh3 Bd5 17. Bd3 g6 18. Re3 Nh5 19. g4 f6 20. gxh5 fxe5 21. Nf3
Bc5 22. Nxe5 Qg7 23. hxg6 hxg6 24. Rae1 Rf8 25. c4 Qf6 26. cxd5 Qxf2+ 27. Kh1
Bxe3 28. Qxe6+ Kh8 29. Rxe3 1-0

[Event "XLI MIEDZYNARODOWY MEMORIAL LUDWIKA ZAMENHOFA 2022 - open A"]
[Site "Bialystok"]
[Date "1899-12-30"]
[Round "6.10"]
[White "Godzwon, Iwo"]
[Black "Kowalski, Igor"]
[Result "1/2-1/2"]
[WhiteTitle "FM"]
[BlackTitle "IM"]
[WhiteElo "2391"]
[BlackElo "2344"]

1. e4 c6 2. Nc3 d5 3. Nf3 Bg4 4. h3 Bxf3 5. Qxf3 e6 6. Be2 Bc5 7. O-O Ne7 8. Na4
Bd6 9. d4 dxe4 10. Qxe4 Nd7 11. Rd1 Qa5 12. Nc3 Rd8 13. Qf3 Nf6 14. Bd3 Bc7 15.
Bd2 Qh5 16. Qxh5 Nxh5 17. Ne2 Nd5 18. Be4 Ndf4 19. Nxf4 Bxf4 20. Ba5 Rd7 21. g3
Bc7 22. Bb4 Bd6 23. Bd2 Bc7 24. Bb4 Bd6 25. Bd2 Bc7 26. Bb4 1/2-1/2

[Event "XLI MIEDZYNARODOWY MEMORIAL LUDWIKA ZAMENHOFA 2022 - open A"]
[Site "Bialystok"]
[Date "1899-12-30"]
[Round "6.11"]
[White "Szewczyk, Mariusz"]
[Black "Mis, Mieszko"]
[Result "1/2-1/2"]
[WhiteTitle "k"]
[BlackTitle "FM"]
[WhiteElo "2094"]
[BlackElo "2389"]

1. e4 c6 2. d4 d5 3. e5 Bf5 4. Nf3 e6 5. Be2 c5 6. Be3 Qb6 7. Nc3 Nc6 8. O-O Qxb2
9. Qe1 cxd4 10. Bxd4 Nxd4 11. Nxd4 Bb4 12. Rb1 Bxc3 13. Rxb2 Bxe1 14. Rxe1 b6
15. h4 h5 16. Nxf5 exf5 17. Bb5+ Ke7 18. c4 d4 19. Rd2 Rd8 20. Red1 Nh6 21. Rxd4
Rxd4 22. Rxd4 Rd8 23. Rxd8 Kxd8 24. f4 Ng4 25. Ba4 Ke7 26. Bc2 g6 27. Bb3 f6 28.
exf6+ Nxf6 29. Kf2 Ne4+ 30. Ke3 Nc5 31. Bd1 Na6 32. Kd4 Kd6 33. Ba4 Nc7 34. a3
1/2-1/2

[Event "XLI MIEDZYNARODOWY MEMORIAL LUDWIKA ZAMENHOFA 2022 - open A"]
[Site "Bialystok"]
[Date "1899-12-30"]
[Round "6.12"]
[White "Sliwicka, Alicja"]
[Black "Malek, Jan"]
[Result "1-0"]
[WhiteTitle "WIM"]
[BlackTitle "m"]
[WhiteElo "2284"]
[BlackElo "2376"]

1. e4 c5 2. Nf3 Nc6 3. d4 cxd4 4. Nxd4 Nf6 5. Nc3 d6 6. Bg5 e6 7. Qd2 a6 8. O-O-O
Bd7 9. f4 Be7 10. Nf3 b5 11. Bxf6 gxf6 12. Bd3 Qb6 13. Kb1 O-O-O 14. Rhe1 Qc5
15. Bf1 Kb8 16. Re3 Rc8 17. a3 Rhd8 18. Rd3 Ka8 19. g3 Qb6 20. b4 Rc7 21. Na2
Rdc8 22. Rb3 Nd8 23. Nc3 Nb7 24. Nd4 Bf8 25. f5 Kb8 26. Be2 e5 27. Nf3 Bh6 28.
Nd5 Qc6 29. Qd3 Qxc2+ 30. Ka1 Bg7 31. Rbb1 Be8 32. Ne1 Qc6 33. Kb2 a5 34. Qe3
Qa6 35. Ra1 Rc6 36. a4 Rc4 37. Bxc4 Rxc4 38. Rdc1 bxa4 39. Rxc4 Qxc4 40. Rc1 a3+
41. Ka1 Qb5 42. Nc7 Bh6 43. Qxh6 Qe2 44. Nc2 axb4 45. Qe3 Qxe3 46. Nxe3 Nc5 47.
Rxc5 1-0

[Event "XLI MIEDZYNARODOWY MEMORIAL LUDWIKA ZAMENHOFA 2022 - open A"]
[Site "Bialystok"]
[Date "1899-12-30"]
[Round "6.13"]
[White "Nasuta, Grzegorz"]
[Black "Chylewski, Patryk"]
[Result "1-0"]
[WhiteTitle "GM"]
[BlackTitle "IM"]
[WhiteElo "2546"]
[BlackElo "2291"]

1. e4 e5 2. Nf3 Nc6 3. Bb5 a6 4. Ba4 Nf6 5. O-O Be7 6. Re1 b5 7. Bb3 d6 8. c3 O-O
9. h3 Nb8 10. d4 Nbd7 11. Nbd2 Bb7 12. Bc2 Re8 13. Nf1 Bf8 14. Ng3 g6 15. a4 c5
16. d5 c4 17. Bg5 Be7 18. Be3 Qc7 19. Rf1 Nc5 20. Nh2 h5 21. f4 exf4 22. Rxf4
Ncd7 23. Qf1 Rf8 24. Nxh5 gxh5 25. Rf5 Qd8 26. Rg5+ Kh8 27. e5 Nxe5 28. Qf5 Ng6
29. Rxh5+ Kg8 30. Rh6 Qd7 31. Rxg6+ fxg6 32. Qxg6+ Kh8 33. Bf5 Qe8 34. Qh6+ Kg8
35. Be6+ Rf7 36. Qg6+ 1-0

[Event "XLI MIEDZYNARODOWY MEMORIAL LUDWIKA ZAMENHOFA 2022 - open A"]
[Site "Bialystok"]
[Date "1899-12-30"]
[Round "6.14"]
[White "Heberla, Bartlomiej"]
[Black "Lukasiewicz, Krzysztof"]
[Result "1/2-1/2"]
[WhiteTitle "GM"]
[BlackTitle "FM"]
[WhiteElo "2568"]
[BlackElo "2250"]

1. d4 Nf6 2. c4 e6 3. Nf3 d5 4. g3 dxc4 5. Bg2 a6 6. O-O Nc6 7. Qd2 Bd7 8. Rd1
Bd6 9. Nc3 Rb8 10. Ne5 Nxe5 11. dxe5 Bxe5 12. Qg5 Bxc3 13. bxc3 O-O 14. e4 e5
15. Qxe5 Re8 16. Qf4 Qc8 17. Qh4 Bc6 18. f3 Qe6 19. Qg5 Nd7 20. Bf4 Ne5 21. Bxe5
1/2-1/2

[Event "XLI MIEDZYNARODOWY MEMORIAL LUDWIKA ZAMENHOFA 2022 - open A"]
[Site "Bialystok"]
[Date "1899-12-30"]
[Round "6.15"]
[White "Dvirnyy, Danyyil"]
[Black "Mihov, Filip"]
[Result "1-0"]
[WhiteTitle "GM"]
[BlackTitle "k"]
[WhiteElo "2530"]
[BlackElo "2247"]

1. e4 c6 2. d4 d5 3. e5 Bf5 4. Nf3 e6 5. Be2 c5 6. Be3 cxd4 7. Nxd4 Ne7 8. O-O
Nbc6 9. Bb5 a6 10. Bxc6+ bxc6 11. c4 c5 12. Nxf5 Nxf5 13. cxd5 Qxd5 14. Qa4+ Qd7
15. Nc3 Qxa4 16. Nxa4 Nxe3 17. fxe3 Be7 18. Rac1 Rb8 19. b3 O-O 20. Rfd1 Rfc8
21. Rd7 Bg5 22. Kf2 c4 23. Rxc4 Rxc4 24. bxc4 Rb4 25. Rc7 h5 26. Nc3 Kh7 27. Ne4
Bh6 28. Nd6 Rb2+ 29. Kf3 Rxa2 30. Nxf7 a5 31. Rc6 Rc2 32. Rxe6 Rxc4 33. Ra6 Rc5
34. e6 Kg6 35. Ke4 Kf6 36. Kd4 Rb5 37. Nd6 Rb2 38. Ne4+ Ke7 39. Nc3 Rd2+ 40. Ke5
Bxe3 41. Nd5+ Rxd5+ 42. Kxd5 Bd2 43. Ra7+ Kf6 44. Rf7+ Kg6 45. Kd6 1-0

[Event "XLI MIEDZYNARODOWY MEMORIAL LUDWIKA ZAMENHOFA 2022 - open A"]
[Site "Bialystok"]
[Date "1899-12-30"]
[Round "6.16"]
[White "Fus, Jakub"]
[Black "Maj, Pawel"]
[Result "1/2-1/2"]
[WhiteTitle "FM"]
[BlackTitle "k"]
[WhiteElo "2405"]
[BlackElo "2203"]

1. e4 c5 2. Nf3 d6 3. Bb5+ Nd7 4. O-O a6 5. Bd3 Ngf6 6. c3 b5 7. Bc2 Bb7 8. d3
Qc7 9. Re1 Rc8 10. Nbd2 g6 11. Nf1 Bg7 12. Bd2 O-O 13. Qc1 e5 14. Bh6 Rfe8 15.
Ng3 Bh8 16. Qg5 Nf8 17. Qh4 Ne6 18. Rac1 Qe7 19. Bb3 c4 20. dxc4 bxc4 21. Ba4
Bc6 22. Bxc6 Rxc6 23. Be3 Bg7 24. Rc2 Qf8 25. Ng5 Nc7 26. f4 h6 27. Nh3 exf4 28.
Qxf4 g5 29. Qf1 Nxe4 1/2-1/2

[Event "XLI MIEDZYNARODOWY MEMORIAL LUDWIKA ZAMENHOFA 2022 - open A"]
[Site "Bialystok"]
[Date "1899-12-30"]
[Round "6.18"]
[White "Risteski, Emil"]
[Black "Luberanski, Jakub"]
[Result "0-1"]
[WhiteTitle "FM"]
[BlackTitle "FM"]
[WhiteElo "2373"]
[BlackElo "2243"]

1. e4 c6 2. d4 d5 3. e5 Bf5 4. h4 h5 5. c4 dxc4 6. Bxc4 e6 7. Nc3 Nd7 8. Nf3 Bg4
9. Be2 Be7 10. Bg5 Nh6 11. Bxe7 Qxe7 12. Ng5 Bxe2 13. Qxe2 Nf5 14. Qe4 Nb6 15.
O-O O-O-O 16. Ne2 Rd7 17. a4 Nd5 18. Rfc1 Rhd8 19. a5 a6 20. Rc4 Nc7 21. g3 Rd5
22. Nf3 Nb5 23. Raa4 Qd7 24. Qf4 Kb8 25. Kg2 Qe7 26. Qc1 R5d7 27. Qf4 Rc8 28.
Qc1 Qd8 29. Qc2 Rd5 30. Qc1 Na7 31. Qc3 Nb5 32. Qc1 Rd7 33. Qc2 Qe8 34. Nf4 Rcd8
35. Qe4 Qh8 36. Kh3 Ka8 37. Rab4 Ne7 38. Ra4 Nd5 39. Nd3 Re7 40. Ra1 Rg8 41. Nc5
f6 42. Qc2 g5 43. exf6 Qxf6 44. Nxg5 Nxd4 45. Qd1 e5 46. Nce4 Qf5+ 47. Kg2 Ne6
48. Qf3 Qg6 49. Nxe6 Qxe6 50. Rac1 Rf7 51. Nc5 Qg6 52. Qb3 Qf5 53. Nd3 Qf3+ 54.
Kh2 e4 55. Ne1 0-1

[Event "XLI MIEDZYNARODOWY MEMORIAL LUDWIKA ZAMENHOFA 2022 - open A"]
[Site "Bialystok"]
[Date "1899-12-30"]
[Round "6.19"]
[White "Backiel, Hubert"]
[Black "Stremavicius, Pijus"]
[Result "0-1"]
[WhiteTitle "k"]
[BlackTitle "FM"]
[WhiteElo "2208"]
[BlackElo "2369"]

1. e4 c5 2. Nf3 e6 3. d4 cxd4 4. Nxd4 Nf6 5. Nc3 Nc6 6. Ndb5 Bc5 7. Bf4 O-O 8.
Bc7 Qe7 9. Bd6 Bxd6 10. Qxd6 Ne8 11. Qxe7 Nxe7 12. O-O-O f5 13. f3 fxe4 14. fxe4
a6 15. Nd6 Nxd6 16. Rxd6 b5 17. Be2 Nc6 18. Kd2 Kf7 19. Ke3 Ke7 20. Rhd1 Rb8 21.
R1d2 Ne5 22. b3 Bb7 23. Nd1 Bc6 24. Nb2 Rf6 25. R6d4 Nf7 26. Bf3 Rf8 27. Rf2 Ng5
28. Nd3 Rh6 29. Ne5 Nf7 30. Nxf7 Rxf7 31. h3 e5 32. Rdd2 Rhf6 33. c3 g5 34. g3
Rf8 35. Bg2 d6 36. Rf3 Rf5 37. Rxf5 Rf7 38. Rf6 Rxf6 39. Rf2 Rh6 40. Bf1 Bd7 41.
Rh2 Rg6 42. Be2 Rh6 43. Bf1 g4 44. h4 Rg6 45. Rc2 Rg8 46. a3 Rc8 47. Kd2 Rf8 48.
Be2 Rf2 49. Ke3 Rg2 50. c4 Rxg3+ 51. Kf2 Rxb3 52. cxb5 axb5 53. Rc7 h5 54. Ra7
g3+ 55. Kg1 Rb1+ 56. Kg2 Rb2 0-1

[Event "XLI MIEDZYNARODOWY MEMORIAL LUDWIKA ZAMENHOFA 2022 - open A"]
[Site "Bialystok"]
[Date "1899-12-30"]
[Round "6.20"]
[White "Wikar, Martyna"]
[Black "Chomczyk, Marek"]
[Result "0-1"]
[WhiteTitle "WFM"]
[BlackTitle "k++"]
[WhiteElo "2185"]
[BlackElo "2327"]

1. e4 c5 2. Nf3 Nc6 3. Bb5 e5 4. O-O Bd6 5. d3 Nge7 6. a4 O-O 7. Nc3 Bc7 8. Bg5
Kh8 9. Bc4 h6 10. Be3 d6 11. Nd2 Ng6 12. Nd5 Nce7 13. Qh5 Nxd5 14. Bxd5 Nf4 15.
Bxf4 exf4 16. Bxf7 Qf6 17. Bd5 Qxb2 18. Rab1 Qxc2 19. Nf3 Bd8 20. Qg6 Be7 21.
h4 Qxa4 22. Ng5 Bxg5 23. hxg5 Qd7 24. e5 Qg4 25. Qxd6 Bf5 26. gxh6 Rad8 27. Qxc5
b6 28. Qa3 gxh6 29. Rbc1 Rg8 30. Rc6 Rxd5 31. Rxh6+ Bh7 32. Rh2 Rd7 33. Re1 Qe6
34. d4 a5 35. Re4 Rf7 36. Qf3 Qc6 37. Rh3 Rfg7 38. g3 fxg3 39. fxg3 Rxg3+ 40.
Rxg3 Rxg3+ 41. Qxg3 Qxe4 42. Qf2 Qb1+ 0-1

[Event "XLI MIEDZYNARODOWY MEMORIAL LUDWIKA ZAMENHOFA 2022 - open A"]
[Site "Bialystok"]
[Date "1899-12-30"]
[Round "6.21"]
[White "Posaskov, Nikita"]
[Black "Czernek, Tymon"]
[Result "1/2-1/2"]
[WhiteTitle "k"]
[BlackTitle "FM"]
[WhiteElo "2061"]
[BlackElo "2302"]

1. c4 e5 2. Nc3 Nf6 3. Nf3 Qe7 4. d3 c6 5. e4 g6 6. g3 Bg7 7. Bg2 O-O 8. O-O Rd8
9. Qc2 Na6 10. a3 d6 11. b4 Nc7 12. Re1 Bg4 13. Bb2 a5 14. h3 Bxf3 15. Bxf3 Ne6
16. Ne2 Nd7 17. Bg2 Rf8 18. Rad1 axb4 19. axb4 f5 20. exf5 gxf5 21. f4 Qf7 22.
d4 e4 23. d5 cxd5 24. Bxg7 Nxg7 25. Rxd5 Nb6 26. Rd4 Rfc8 27. Rc1 Ne6 28. Rxd6
Nxc4 29. Rdd1 b5 30. Qc3 Ra2 31. Nd4 Qa7 32. Kh1 Nxd4 33. Qxd4 Qxd4 34. Rxd4 Rb2
35. Bf1 Rxb4 36. Rd5 Kg7 37. Rxf5 Re8 38. Bxc4 Rxc4 39. Rb1 b4 40. Rb5 e3 41.
Kg1 Rd8 42. Kf1 Rd2 43. Re1 Re4 44. Re2 Kf6 45. Ke1 Rd3 46. Rb2 e2 47. Rxe2 Rxe2+
48. Kxe2 Rxg3 49. Rxb4 Rxh3 1/2-1/2

[Event "XLI MIEDZYNARODOWY MEMORIAL LUDWIKA ZAMENHOFA 2022 - open A"]
[Site "Bialystok"]
[Date "1899-12-30"]
[Round "6.22"]
[White "Jarocka, Liwia"]
[Black "Paszewski, Mateusz"]
[Result "1/2-1/2"]
[WhiteTitle "FM"]
[BlackTitle "FM"]
[WhiteElo "2143"]
[BlackElo "2282"]

1. d4 d5 2. c4 e6 3. Nf3 a6 4. cxd5 exd5 5. Nc3 c6 6. Qc2 Nf6 7. Bg5 Be6 8. e3
Nbd7 9. Bd3 Bd6 10. Bh4 Bg4 11. Bg3 Qe7 12. Bxd6 Qxd6 13. Nd2 Bh5 14. Nb3 Bg6
15. a3 Bxd3 16. Qxd3 O-O 17. h3 Rfe8 18. O-O Re7 19. Rac1 Nb6 20. Na5 Qd8 21.
b4 Ne8 22. Nb1 Nd6 23. Nd2 Qf8 24. Rce1 Rae8 25. Re2 g6 1/2-1/2

[Event "XLI MIEDZYNARODOWY MEMORIAL LUDWIKA ZAMENHOFA 2022 - open A"]
[Site "Bialystok"]
[Date "1899-12-30"]
[Round "6.23"]
[White "Sowinski, Pawel"]
[Black "Indriunas, Matas"]
[Result "1/2-1/2"]
[WhiteTitle "k"]
[BlackTitle "FM"]
[WhiteElo "2064"]
[BlackElo "2253"]

1. e4 c5 2. Nf3 d6 3. d4 cxd4 4. Nxd4 Nf6 5. Nc3 g6 6. Be3 Nc6 7. f3 h5 8. Qd2
Nxd4 9. Bxd4 Bh6 10. Bb5+ Bd7 11. Qe2 Bc6 12. Rd1 Bg7 13. O-O O-O 14. Kh1 Qa5
15. a3 Rfc8 16. Bxc6 bxc6 17. f4 e5 18. fxe5 dxe5 19. Be3 Rab8 20. Bc1 Qc7 21.
Qc4 Nh7 22. Rd3 Nf8 23. Rfd1 Rb7 24. Na4 Ne6 25. Be3 Bf8 26. Bc5 Bxc5 27. Nxc5
Nxc5 28. Qxc5 Rxb2 29. Rd6 Rb5 30. Qg1 Rd5 31. Rxg6+ fxg6 32. exd5 cxd5 33. Rxd5
Qxc2 34. Rxe5 Qb2 35. Re1 Qxa3 36. Qd4 Qc5 37. Qd7 Rf8 38. h3 Rf7 39. Qe8+ Kg7
40. Qa4 Qf2 41. Rd1 Re7 42. Qb4 Re2 43. Qc3+ Kf7 44. Rd7+ Re7 45. Rd1 Qf6 46.
Qc4+ Kg7 47. Rf1 Qe6 48. Qc3+ Qe5 49. Qc8 Rf7 50. Rxf7+ Kxf7 51. Qa6 Qe1+ 52.
Kh2 Qe5+ 53. Kh1 Qc7 54. g4 hxg4 55. hxg4 Qb6 56. Qc4+ Ke7 57. Qe4+ Kd7 58. Qd5+
Kc7 59. Qf7+ Kb8 60. Qe8+ Kb7 61. Qd7+ Ka8 62. Qe8+ Kb7 63. Qd7+ Qc7 64. Qb5+
Qb6 65. Qd7+ Ka6 66. Qa4+ Qa5 67. Qc6+ Qb6 1/2-1/2

[Event "XLI MIEDZYNARODOWY MEMORIAL LUDWIKA ZAMENHOFA 2022 - open A"]
[Site "Bialystok"]
[Date "1899-12-30"]
[Round "6.24"]
[White "Dzhuguryan, Tygran"]
[Black "Rudzinska, Michalina"]
[Result "0-1"]
[WhiteTitle "k+"]
[BlackTitle "WFM"]
[WhiteElo "2134"]
[BlackElo "2256"]

1. d4 Nf6 2. c4 e6 3. a3 c5 4. dxc5 Bxc5 5. Nc3 O-O 6. e3 b6 7. Be2 Bb7 8. Bf3
Nc6 9. Nge2 a6 10. O-O Qc7 11. b3 d5 12. cxd5 Ne5 13. Nf4 Nxf3+ 14. Qxf3 exd5
15. Ncxd5 Nxd5 16. Nxd5 Qe5 0-1

[Event "XLI MIEDZYNARODOWY MEMORIAL LUDWIKA ZAMENHOFA 2022 - open A"]
[Site "Bialystok"]
[Date "1899-12-30"]
[Round "6.25"]
[White "Waszczuk, Patrycja"]
[Black "Dwilewicz, Katarzyna"]
[Result "1-0"]
[WhiteTitle "WFM"]
[BlackTitle "WFM"]
[WhiteElo "2251"]
[BlackElo "2123"]

1. Nf3 Nf6 2. g3 d5 3. Bg2 e6 4. d4 Bd6 5. O-O O-O 6. b3 b6 7. Bb2 Bb7 8. c4 Nbd7
9. Nbd2 Rc8 10. Rc1 c5 11. e3 Bb8 12. Ne5 cxd4 13. exd4 Nxe5 14. dxe5 Nd7 15.
Qe2 Qe7 16. cxd5 exd5 17. f4 Nc5 18. Ba3 Rfe8 19. Nf3 Qd7 20. Rfd1 h6 21. Bb2
a5 22. Nd4 g6 23. Qf1 Ba6 24. Qf3 Ne4 25. h4 h5 26. Kh2 f5 27. Qe3 Kh7 28. Nf3
b5 29. Ng5+ Nxg5 30. Rxd5 Qe6 31. hxg5 Bb7 32. Rdc5 Bxg2 33. Kxg2 b4 34. Qf3 Rcd8
35. R1c2 Kg8 36. Rc6 Qf7 37. Rf6 Qd5 38. Rxg6+ Kf7 39. Rf6+ Kg8 40. Qxd5+ Rxd5
41. e6 Ba7 42. Rh6 Bd4 43. Rd2 Bxb2 44. Rxd5 Bg7 45. Rxh5 Rxe6 46. Rxa5 Kf7 47.
Rh1 Kg6 48. g4 Re2+ 49. Kf3 Rc2 50. gxf5+ Kf7 51. Ra7+ Kg8 52. f6 Bf8 53. Rd1
1-0